000 00572nam a2200229Ia 4500
003 OSt
005 20220924151817.0
006 a|||||r|||| 00| 0
007 ta
008 220923b |||||||| |||| 00| 0 mar d
024 _a339232
037 _cTextual
040 _aARTS
_cARTS
_bmar
041 _2mar
_amar
082 _aDelta25x3:1, 155K2
100 _aNavanath Au.
_9225026
245 0 _aBhaktisara
260 _c1962
650 _aSPIRurdALISM
942 _hDelta25x3:1, 155K2
_cTEXL
_2CC
999 _c467753
_d467753